000 00598nam a2200253Ia 4500
005 20260306154015.0
008 008 260114s9999 xx 000 0 eng d
020 _a9780857286499
037 _aEBOOK
040 _aCRL
040 _beng
040 _cCRL
041 _2eng
041 _aeng
084 _qCRL
100 _aStokke/Uyangoda
_91126686
245 0 _aLiberal Peace in Question 1st ed
260 _bAnthem Press
260 _c2012
650 _aPolitical Science
856 _uhttps://doi.org/10.7135/UPO9780857286499
942 _cEBOOK
999 _c1705780
_d1705780